Auditoria ambiental : (Record no. 810)

MARC details
000 -LÍDER
Campo Fixo de Controle 00905nam a2200277 a 4500
001 - NÚMERO DE CONTROLE
Campo de Controle 810
003 - IDENTIFICAÇÃO DO NÚMERO DE CONTROLE
Campo de Controle BR-CuiBMT
005 - DATA E HORA DA ÚLTIMA ATUALIZAÇÃO
Campo de Controle 20231119025421.0
008 - DADOS FIXOS
Dados Fixos 231117s2009 spba 000 0 por d
020 ## - INTERNATIONAL STANDARD BOOK NUMBER
Nº do ISBN 9788522454785
040 ## - AGÊNCIA CATALOGADORA
Código da Agência Catalogadora BR-CuiBMT
Agência que transcreveu o registro BR-CuiBMT
080 ## - Nº DA CLASSIFICAÇÃO DECIMAL UNIVERSAL
Nº Class. CDU 657.6:504
Nº edição CDU 2007
090 ## - NÚMERO DE CHAMADA
Nº classificação 657.6:504
Cutter C198a
100 10 - ENTRADA PRINCIPAL -- AUTOR PESSOAL
Nome pessoal Campos, Lucila Maria de Souza
245 10 - TÍTULO PRINCIPAL
Título principal Auditoria ambiental :
Subtítulo uma ferramenta de gestão /
Indicação de responsabilidade Lucila Maria de Souza Campos, Alexandre de Ávila Lerípio.
260 ## - PUBLICAÇÃO, DISTRIBUIÇÃO, ETC.
Local de publicação São Paulo:
Editora Atlas,
Data 2009.
300 ## - DESCRIÇÃO FÍSICA
N. páginas ou volumes 134 p. ;
Ilustrações il. :
Dimensões 24 cm
504 ## - NOTA DE BIBLIOGRAFIA, ETC.
Nota de bibliografia inclui bibliografia.
590 ## - NOTA LOCAL
Nota local A Biblioteca possui a 3. reimpr. de 2009.
650 ## - ASSUNTO TÓPICO
Cabeçalho tópico ou nome geográfico Meio ambiente
Subdivisão geográfica Brasil
650 ## - ASSUNTO TÓPICO
Cabeçalho tópico ou nome geográfico Gestão ambiental
Subdivisão geral Legislação
Subdivisão geográfica Brasil
650 ## - ASSUNTO TÓPICO
Cabeçalho tópico ou nome geográfico Conservação da natureza
650 ## - ASSUNTO TÓPICO
Cabeçalho tópico ou nome geográfico Política ambiental
Subdivisão geográfica Brasil
700 ## - ENTRADA SECUNDÁRIA -- NOME PESSOAL
Nome pessoal Lerípio, Alexandre de Ávila
942 ## - ELEMENTOS DE ENTRADA ADICIONAIS (KOHA)
Fonte de classificação ou esquema de arquivamento Classificação Decimal Universal
Tipo de item do Koha Livros
Holdings
Estado: removido Estado: perdido Fonte de classificação ou esquema de arquivamento Estado: danificado Indisponível para empréstimo Localização permanente Localização atual Data de aquisição Total Checkouts Número de Chamada completo Código de barras Date last seen Número do exemplar Preço efetivo a partir de Tipo de item (Koha) Nota pública
    Classificação Decimal Universal     Biblioteca da Escola Superior de Contas do TCE/MT Biblioteca da Escola Superior de Contas do TCE/MT 02/04/2013   657.6:504 C198a BIBTCEMT23110744 19/11/2023 Ex. 1 19/11/2023 Livros 3. reimpr. 2009

Powered by Koha